000 00343nam a2200133Ia 4500
005 20260328101524.0
008 260328s9999||||xx |||||||||||||| ||und||
100 _aMoia, José Luis
245 0 _aPlanos Completos de 50 Viviendas /
_cJosé Luis Moia
260 _bWindsor
300 _a101 p.
650 _aARQUITECTURA RESIDENCIAL
942 _cBK
999 _c9719
_d9719